000 00543nam a2200181Ia 4500
003 GCL
008 140319s9999 xx 000 0 ara d
040 _aGCL /
_cGCL
082 0 4 _a819.4
_bم ا
100 1 _aبن المقفع، عبدالله
245 1 0 _aالادب الصغير والادب الكبير /
_cبن المقفع، عبدالله
260 _aبيروت :
_bدار صادر
300 _a139 ص ؛
_c24 سم
490 _a
650 0 4 _aالادب العربى
650 0 4 _aالقصة القصيرة
942 _2ddc
_cBK
999 _c38902
_d38902